Fading hopes (Record no. 613)

MARC details
000 -LEADER
fixed length control field 004110000a22001450004500
005 - DATE AND TIME OF LATEST TRANSACTION
control field 20240319131351.0
008 - FIXED-LENGTH DATA ELEMENTS--GENERAL INFORMATION
fixed length control field 230817t ||||| |||| 00| 0 eng d
082 ## - DEWEY DECIMAL CLASSIFICATION NUMBER
Classification number 331.31
Item number FAD
942 ## - ADDED ENTRY ELEMENTS (KOHA)
Item Type Reports
245 ## - TITLE STATEMENT
Title Fading hopes
260 ## - PUBLICATION, DISTRIBUTION, ETC. (IMPRINT)
Place of Publication Peshwar:
Name of Publisher Human resources Management & development center,
Date of Copyright 2000
300 ## - PHYSICAL DESCRIPTION
Extent 94 p.
Physical Details Bibliography included
650 ## - SUBJECT ADDED ENTRY--TOPICAL TERM
Topical Term CHILD LABOUR
650 ## - SUBJECT ADDED ENTRY--TOPICAL TERM
Topical Term Child worker-Social behaviour
Holdings
Withdrawn status Lost status Damaged status Not for loan Permanent location Current location Date acquired Total Checkouts Full call number Barcode Date last seen Price effective from Koha item type
        Resource center, Muslim Women's Research And Action Forum Resource center, Muslim Women's Research And Action Forum 2023-08-17   331.31 FAD RAF4111 2023-08-17 2023-08-17 Reports

Copyright © 2023 Muslim Women's Research and Action Forum (MWRAF), No 27/3, Anderson Road, Kalubowila, Dehiwela. Funded by The Asia Fundation